00503nam a2200157Ia 450000500170000000800410001708200190005810000200007724500200009726000400011730000120015750000600016994200060022995200950023599900150033020250306043805.0240331s9999 xx 000 0 und d bMAD26121a920 aMadhurabharathi 0aRamana Charitam aChennaibKizhakku Pathippagamc2005 a200 p., aA life sketch of Ramana Maharishi, an Indian Hindu sage cL 001040708LaWERCLbWERCLcSSCd2024-03-31l0o 920 PARp6121r2024-03-31w2024-03-31yL c4694d4694